Net stock absorption snapshots (Record no. 83848)

MARC details
000 -LEADER
fixed length control field 00949cad a22002055a 4500
001 - CONTROL NUMBER
control field L155315
008 - FIXED-LENGTH DATA ELEMENTS--GENERAL INFORMATION
fixed length control field 120316s2012 xxk 000 0 eng d
035 ## - SYSTEM CONTROL NUMBER
System control number (Sirsi) u155315
041 0# - LANGUAGE CODE
Language code of text/sound track or separate title eng
110 2# - MAIN ENTRY--CORPORATE NAME
Corporate name or jurisdiction name as entry element Colliers International
9 (RLIN) 5548
245 00 - TITLE STATEMENT
Title Net stock absorption snapshots
Remainder of title February 2012
Medium [electronic resource]
260 ## - PUBLICATION, DISTRIBUTION, ETC.
Place of publication, distribution, etc. [S.I]
Name of publisher, distributor, etc. Colliers International
Date of publication, distribution, etc. 2012
490 ## - SERIES STATEMENT
Series statement Colliers International Net Stock Absorption Snapshot
Volume/sequential designation February 2012
520 ## - SUMMARY, ETC.
Summary, etc. Series of brief reports mapping absorption, availability, take-up, and rents in the commercial property markets of major cities in England and Scotland: Birmingham; Bristol; Leeds; Manchester; and Edinburgh and Glasgow. Offers an overview and coverage of occupier markets.
590 ## - LOCAL NOTE (RLIN)
Local note NTK KA
651 #4 - SUBJECT ADDED ENTRY--GEOGRAPHIC NAME
Geographic name United Kingdom
690 ## - LOCAL SUBJECT ADDED ENTRY--TOPICAL TERM (OCLC, RLIN)
Topical term or geographic name as entry element Commercial property
9 (RLIN) 6227
856 40 - ELECTRONIC LOCATION AND ACCESS
Uniform Resource Identifier <a href="https://www.colliers.com/Markets/UK/Research">https://www.colliers.com/Markets/UK/Research</a>
Public note View the reports at www.colliers.com
942 ## - ADDED ENTRY ELEMENTS (KOHA)
Suppress in OPAC 0
Holdings
Withdrawn status Lost status Source of classification or shelving scheme Damaged status Not for loan Home library Current library Shelving location Date acquired Total Checkouts Full call number Barcode Date last seen Copy number Price effective from Koha item type
    Dewey Decimal Classification     Virtual Virtual Online 16/03/2012   ONLINE PUBLICATION 155315-2001 06/08/2019 1 06/08/2019 Book